Las tarea de hoy : (Record no. 37453)

MARC details
000 -LEADER
campo de control de longitud fija 00539nam a2200181 4500
001 - NÚMERO DE CONTROL
campo de control 8411
005 - FECHA Y HORA DE LA ÚLTIMA TRANSACCIÓN
campo de control 20230410105455.0
008 - DATOS DE LONGITUD FIJA--INFORMACIÓN GENERAL
campo de control de longitud fija 060907n1994 dr spa
020 ## - NÚMERO INTERNACIONAL ESTÁNDAR DEL LIBRO
Número Internacional Estándar del Libro 9561209225
035 ## - NÚMERO DE CONTROL DEL SISTEMA
-- funglode8481
041 ## - CÓDIGO DE IDIOMA
Código de lengua del texto/banda sonora o título independiente ES
050 14 - SIGNATURA TOPOGRÁFICA DE LA BIBLIOTECA DEL CONGRESO
Número de clasificación HC 192 T184 1994
245 0# - MENCIÓN DEL TÍTULO
Título Las tarea de hoy :
Resto del título políticas sociales y económicas para una sociedad libre /
Mención de responsabilidad, etc. Cristián Larroulet [et al.]
260 ## - PUBLICACIÓN, DISTRIBUCIÓN, ETC.
Lugar de publicación, distribución, etc. Satiago de Chile :
Nombre del editor, distribuidor, etc. Zig-Zag,
Fecha de publicación, distribución, etc. 1994
300 ## - DESCRIPCIÓN FÍSICA
Extensión 502 p.
700 ## - ENTRADA AGREGADA--NOMBRE PERSONAL
Nombre de persona Larroulet, Cristián
942 ## - ELEMENTOS DE ENTRADA SECUNDARIOS (KOHA)
Fuente del sistema de clasificación o colocación Clasificación de Library of Congress
Tipo de ítem Koha
Holdings
Estatus retirado Estado de pérdida Fuente del sistema de clasificación o colocación Estado de daño No para préstamo Colección Biblioteca de origen Biblioteca actual Ubicación en estantería Fecha de adquisición Serial enumeration / chronology Signatura topográfica completa Código de barras Visto por última vez Tipo de ítem Koha
    Clasificación de Library of Congress     Ciencias Sociales Biblioteca Juan Bosch Biblioteca Juan Bosch Ciencias Sociales (3er. Piso) 24/10/2018 1 HC 192 T184 1994 00000014798 24/10/2018